East of Eden /
This sprawling and often brutal novel, set in the rich farmlands of California's Salinas Valley, follows the intertwined destinies of two families--the Trasks' and the Hamilton's--whose generations helplessly reenact the fall of Adam and Eve and the poisonous rivalry of Cain and Abel....
| Main Author: | |
|---|---|
| Format: | Book |
| Language: | English |
| Published: |
New York :
Penguin Books,
1992.
|
| Series: | Penguin twentieth-century classics.
|
| Subjects: | |
| Online Access: | Publisher description Contributor biographical information |
MARC
| Tag | First Indicator | Second Indicator | Subfields |
|---|---|---|---|
| LEADER | 00000cam a2200000 a 4500 | ||
| 001 | in00001403744 | ||
| 005 | 20151020053143.0 | ||
| 008 | 920324s1992 nyu b 000 1 eng | ||
| 010 | |a 92012135 | ||
| 020 | |a 0140186395 : |c $9.95 ($12.99 Can.) | ||
| 020 | |a 9780140186390 | ||
| 035 | |a (OCoLC)25631654 | ||
| 035 | |9 AHM7201AM | ||
| 040 | |a DLC |c DLC |d TXA |d UtOrBLW | ||
| 043 | |a n-us-ca | ||
| 049 | |a TXAM | ||
| 050 | 0 | 0 | |a PS3537.T3234 |b E3 1992 |
| 082 | 0 | 0 | |a 813/.52 |2 20 |
| 090 | |a PS3537.T3234 |b E36 1992 | ||
| 100 | 1 | |a Steinbeck, John, |d 1902-1968. | |
| 245 | 1 | 0 | |a East of Eden / |c John Steinbeck ; with an introduction by David Wyatt. |
| 264 | 1 | |a New York : |b Penguin Books, |c 1992. | |
| 300 | |a xxx, 602 pages ; |c 20 cm. | ||
| 336 | |a text |b txt |2 rdacontent | ||
| 337 | |a unmediated |b n |2 rdamedia | ||
| 338 | |a volume |b nc |2 rdacarrier | ||
| 490 | 1 | |a Penguin twentieth century classics | |
| 504 | |a Includes bibliographical references (pages xxix-xxx). | ||
| 520 | |a This sprawling and often brutal novel, set in the rich farmlands of California's Salinas Valley, follows the intertwined destinies of two families--the Trasks' and the Hamilton's--whose generations helplessly reenact the fall of Adam and Eve and the poisonous rivalry of Cain and Abel. The story of two brothers, Aron is a clean-cut model student, engaged to be married, the pride of his hardworking father. Cal is a rebellious loner, sternly rejected by his father. | ||
| 650 | 0 | |a Children of prostitutes |v Fiction. | |
| 650 | 0 | |a Fathers and sons |v Fiction. | |
| 650 | 0 | |a Sibling rivalry |v Fiction. | |
| 650 | 0 | |a Brothers |v Fiction. | |
| 651 | 0 | |a Salinas River Valley (Calif.) |x Fiction. | |
| 655 | 7 | |a Domestic fiction. |2 lcgft | |
| 830 | 0 | |a Penguin twentieth-century classics. | |
| 856 | 4 | 2 | |3 Publisher description |u http://www.loc.gov/catdir/enhancements/fy0716/92012135-d.html |t 0 |
| 856 | 4 | 2 | |3 Contributor biographical information |u http://www.loc.gov/catdir/enhancements/fy0716/92012135-b.html |t 0 |
| 999 | |a MARS | ||
| 999 | f | f | |s f0f15fc4-9f2d-3bef-8e2d-be3950c01d18 |i 64c1c4c7-ce52-3d0c-ac64-bfc4388f5e35 |t 0 |
| 952 | f | f | |p normal |a Texas A&M University |b College Station |c Sterling C. Evans Library |s Evans stk |d Evans: Library Stacks |t 0 |e PS3537.T3234 E36 1992 |h Library of Congress classification |i unmediated -- volume |m A14833112100 |
| 998 | f | f | |a PS3537.T3234 E36 1992 |t 0 |l Evans: Library Stacks |